000 00374nam a22001697a 4500
005 20251108172614.0
008 250721s9999 xx 000 0 eng d
082 1 4 _a972.018BAQ
100 1 _aBaquedano, Elizabeth
245 1 0 _aAztec /
264 1 _aLondon :
_bDorling,
300 _a63 p
650 1 7 _aHistory
650 1 7 _aAtec
942 _2ddc
_cBK
999 _c83810
_d83810